| 000 | 00538nam a2200193Ia 4500 | ||
|---|---|---|---|
| 005 | 20250508162551.0 | ||
| 008 | 008 250505s9999 xx 000 0 hin d | ||
| 020 | _a81-7450-557-1 | ||
| 037 | _aReference | ||
| 040 |
_aFEDL _beng _cFEDL |
||
| 041 |
_ahin _2eng |
||
| 084 |
_a491.433, KAV _qFEDL |
||
| 100 | _aKaushik Jai Narain | ||
| 245 | 0 | _aHaryanvi hindi dictionary | |
| 260 |
_aChandigarh, India _bHaryana Sahitya Acadmi _c1985 |
||
| 300 | _alvi,949p. | ||
| 942 |
_cREF _h491.433, KAV |
||
| 999 |
_c1377354 _d1377354 |
||